000 00580nam a22002417a 4500
003 UA-OsUOA
001 31050
007 ta
008 20041125b un ||||| |||| 00| 0 ukr d
090 _a659.1
_bА64
942 _cBK
040 _aUA-OsUOA
_brus
_cUA-OsUOA
_dUA-OsUOA
245 _aАнатомия рекламного образа
_cРед. А. В.Овруцький
300 _a224 с.
955 _a0
041 _arus
080 _a659.1
020 _a5-94723-889-6
260 _aСпб
_bПитер
_c2004
044 _aRU
650 7 _2UDC
999 _c317471
_d317471